000 00662cam a22002172 4500
001 0000000225
005 20151021151041.0
008 070117s xx 000 0 eng d
020 _a0072516682 :
_cKES 1,700
040 _aKABU
_cKABU
245 1 0 _aFinancial accounting /
_cJan R. Williams ... [et al.]
250 _a11th ed.
260 _aBoston :
_bMcGraw-Hill,
_c2003.
300 _axxxi, 752 p.
650 0 _aAccounting.
_@0000148321
700 1 _aWilliams, Jan R.
_@0000167605
908 _a070117
950 _@1
999 _c91
_d91